000 00758nam a2200265 i 4500
001 129902
003 ES-MaACL
005 20250710062731.0
007 t|
008 070709s1989 fr ||||1| fre d
020 _a2 13 046013 5
080 _a611.018.5
080 _a612.1
100 1 _aJacquillat, C.
_965884
245 1 3 _aLe sang /
_cC. Jacquillat ... [et al.].
250 _a2e éd.
260 _aParis :
_bPresses Universitaires de France,
_c[1989]
300 _a127 p. ;
_c18 cm.
490 1 _aQue sais-je?. Collection Encyclopédique ;
_v194
500 _aBiblioteca Jacinto Martínez Lacalle.
650 1 4 _aSangre.
_916981
830 0 0 _aQue sais-je?
_v194
_9180931
852 _aES-MaACL
_jE-11868
_bR.139803
999 _c129902
_d129902